000 00325nam a22001457a 4500
008 231124b ||||| |||| 00| 0 eng d
020 _a9780674931909
041 _aeng
080 _a330.01
082 _a330.01
100 _a23
101 _aMBE
245 _aVALUE IN ETHICS AND ECONOMICS
_cANDERSON.E
942 _2udc
_cBK
999 _c60523
_d60523